TV's First Episode Quotes Quiz Stats

Quiz Updated Feb 25, 2013

Challenge
Share
Tweet
Embed
Score 0/30 Timer 06:00
1 Play Today
% Correct
Scrubs
77.5%
Family Guy
74.9%
Breaking Bad
73.6%
The Office
73.1%
Glee
70.8%
MacGyver
70.5%
Futurama
70.3%
Dexter
66.8%
The Fresh Prince of Bel-Air
64.9%
24
64.7%
Friends
64%
Teenage Mutant Ninja Turtles
61.3%
Home Improvement
61.3%
Game of Thrones
59.8%
Transformers
56.5%
% Correct
Community
55.9%
The X-Files
55.9%
That '70s Show
55.4%
Arrested Development
54.7%
Six Feet Under
54.5%
The Simpsons
52.9%
Captain Planet and the Planeteers
52.5%
How I Met Your Mother
52.2%
American Dad!
45.6%
South Park
45.2%
Jersey Shore
42.6%
Twin Peaks
42.5%
Aqua Teen Hunger Force
41.1%
Freaks and Geeks
31.2%
Adventure Time
28.6%

You're not logged in!

Compare scores with friends on all Sporcle quizzes.
Join for Free
OR
Log In

You Might Also Like...

Show Comments

Extras

Top Quizzes Today


Score Distribution

Your Account Isn't Verified!

In order to create a playlist on Sporcle, you need to verify the email address you used during registration. Go to your Sporcle Settings to finish the process.

Report this User

Report this user for behavior that violates our Community Guidelines.

Details: